| 000 | 02176nam a22004697a 4500 | ||
|---|---|---|---|
| 001 | 433 | ||
| 003 | FISKH | ||
| 005 | 20230926135926.0 | ||
| 008 | 230420b cb ||||| |||| 00| 0 eng d | ||
| 020 | _a9780545341028 | ||
| 040 |
_aTOH _cTOH _dBTCTA _dBDX _dM$K _dJBL _dIHI _dNVQ _dDLC _dDLC _dFISKH _beng |
||
| 041 | 1 |
_aeng _hita |
|
| 042 | _alccopycat | ||
| 050 | 0 | 0 |
_aPZ7 _b.T356544 2012 |
| 082 | 0 | 0 |
_a853.92 _223 |
| 100 | 1 | _aDami, Elisabetta | |
| 245 | 1 | 0 |
_aThis hotel is haunted! / _c[text by] Geronimo Stilton ; [illustrations by Valeria Turati ; translated by Julia Heim]. |
| 260 |
_aNew York : _bScholastic, _cc2012. |
||
| 300 |
_a109 p. : _bcol. ill., maps ; _c20 cm. |
||
| 500 | _aEnglish translation of Lo strano caso del Fantasma al Grand Hotel by Edizioni Piemme S.p.A., c2005. | ||
| 505 | _aK | ||
| 520 | _a"My friend Hercule Poirat and I were called to investigate mysterious events at the famouse Grand Hotel in New Mouse City. There was a ghost haunting the hotel and scaring guests! It was wearing clanking armor and carrying a ball and chain. I know that ghosts don't exist, but this was pretty spooky. Would Poirat and I be able to solve the mystery of the haunted hotel?"--P. [4] of cover. | ||
| 521 | 0 |
_a570
_bLexile |
|
| 521 | 1 |
_aK
_bRaz-Plus |
|
| 600 | 1 | 0 |
_aStilton, Geronimo _vJuvenile fiction. |
| 600 | 1 | 1 |
_aStilton, Geronimo _vFiction. |
| 650 | 0 |
_aMice _vJuvenile fiction. |
|
| 650 | 0 | _aGhost stories. | |
| 650 | 0 |
_aHaunted hotels _vJuvenile fiction. |
|
| 650 | 1 |
_aMice _vFiction. |
|
| 650 | 1 |
_aGhosts _vFiction. |
|
| 650 | 1 |
_aHaunted places _vFiction. |
|
| 650 | 7 |
_aHumorous stories. _2gsafd |
|
| 655 | 7 |
_aHumorous fiction. _2gsafd |
|
| 700 | 1 |
_aTurati, Valeria. _eill |
|
| 700 | 1 | _aHeim, Julia. | |
| 856 | 4 | 2 |
_3Contributor biographical information _uhttp://www.loc.gov/catdir/enhancements/fy1306/2012289592-b.html |
| 856 | 4 | 2 |
_3Publisher description _uhttp://www.loc.gov/catdir/enhancements/fy1306/2012289592-d.html |
| 906 |
_a7 _bcbc _ccopycat _d2 _encip _f20 _gy-gencatlg |
||
| 942 |
_2ddc _cBK _n0 |
||
| 999 |
_c433 _d433 |
||